Computer Graphics (Record no. 3734)
[ view plain ]
| 000 -LEADER | |
|---|---|
| fixed length control field | 00292nam a2200133Ia 4500 |
| 008 - FIXED-LENGTH DATA ELEMENTS--GENERAL INFORMATION | |
| fixed length control field | 191201s2008 xx 000 0 und d |
| 100 ## - MAIN ENTRY--PERSONAL NAME | |
| Personal name | HEARN,Donald |
| 245 #0 - TITLE STATEMENT | |
| Title | Computer Graphics |
| 250 ## - EDITION STATEMENT | |
| Edition statement | Rep |
| 260 ## - PUBLICATION, DISTRIBUTION, ETC. (IMPRINT) | |
| Place of publication, distribution, etc | N. delhi |
| Name of publisher, distributor, etc | PHI |
| Date of publication, distribution, etc | 2008 |
| 300 ## - PHYSICAL DESCRIPTION | |
| Extent | 637 |
| 650 ## - SUBJECT ADDED ENTRY--TOPICAL TERM | |
| Topical term or geographic name as entry element | MCA |
| 942 ## - ADDED ENTRY ELEMENTS (KOHA) | |
| Source of classification or shelving scheme | Dewey Decimal Classification |
| Koha item type | Text Books |
| 942 ## - ADDED ENTRY ELEMENTS (KOHA) | |
| -- | 2 |
| Withdrawn status | Lost status | Source of classification or shelving scheme | Damaged status | Not for loan | Collection code | Home library | Current library | Date acquired | Source of acquisition | Cost, normal purchase price | Bill Number | Total Checkouts | Full call number | Acc. no. / Barcode | Checked out | Date last seen | Date last borrowed | Bill Date | Koha item type | Public note |
|---|---|---|---|---|---|---|---|---|---|---|---|---|---|---|---|---|---|---|---|---|
| Dewey Decimal Classification | MCA | PIET C-LIBRARY | PIET C-LIBRARY | 14/03/2013 | J B C, New Delhi | 450.00 | SI 4904 | 1 | 006.6 HEC | 10971 | 22/05/2024 | 24/11/2023 | 24/11/2023 | 27/12/2008 | Text Books | |||||
| Dewey Decimal Classification | MCA | PIET C-LIBRARY | PIET C-LIBRARY | 14/03/2013 | J B C, New Delhi | 450.00 | SI 4904 | 1 | 006.6 HEC | 10972 | 22/05/2024 | 24/11/2023 | 24/11/2023 | 27/12/2008 | Text Books | |||||
| Dewey Decimal Classification | MCA | PIET C-LIBRARY | PIET C-LIBRARY | 14/03/2013 | J B C, New Delhi | 450.00 | SI 4904 | 2 | 006.6 HEC | 10973 | 02/06/2023 | 18/05/2023 | 27/12/2008 | Text Books | ||||||
| Dewey Decimal Classification | MCA | PIET C-LIBRARY | PIET C-LIBRARY | 14/03/2013 | J B C, New Delhi | 450.00 | SI 4904 | 006.6 HEC | 10974 | 04/12/2019 | 27/12/2008 | Text Books | ||||||||
| Dewey Decimal Classification | MCA | PIET C-LIBRARY | PIET C-LIBRARY | 14/03/2013 | J B C, New Delhi | 450.00 | SI 4904 | 006.6 HEC | 10975 | 04/12/2019 | 27/12/2008 | Text Books | ||||||||
| Dewey Decimal Classification | MCA | PIET C-LIBRARY | PIET C-LIBRARY | 14/03/2013 | J B C, New Delhi | 450.00 | SI 4904 | 2 | 006.6 HEC | 10976 | 22/02/2024 | 07/02/2024 | 27/12/2008 | Text Books | ||||||
| Dewey Decimal Classification | MCA | PIET C-LIBRARY | PIET C-LIBRARY | 14/03/2013 | J B C, New Delhi | 450.00 | SI 4904 | 1 | 006.6 HEC | 10977 | 20/07/2022 | 21/01/2022 | 21/01/2022 | 27/12/2008 | Text Books | . | ||||
| Dewey Decimal Classification | MCA | PIET C-LIBRARY | PIET C-LIBRARY | 14/03/2013 | J B C, New Delhi | 450.00 | SI 4904 | 006.6 HEC | 10978 | 04/12/2019 | 27/12/2008 | Text Books | ||||||||
| Dewey Decimal Classification | MCA | PIET C-LIBRARY | PIET C-LIBRARY | 14/03/2013 | J B C, New Delhi | 450.00 | SI 4904 | 1 | 006.6 HEC | 10979 | 06/08/2022 | 25/03/2022 | 27/12/2008 | Text Books | ||||||
| Dewey Decimal Classification | MCA | PIET C-LIBRARY | PIET C-LIBRARY | 14/03/2013 | J B C, New Delhi | 450.00 | SI 4904 | 006.6 HEC | 10980 | 04/12/2019 | 27/12/2008 | Text Books |